000 00824nam a2200205Ii 4500
003 JO-AjNU
008 230605s9999||||xx |||||||||||||| ||und||
040 _aJO-AjNU
_bara
_erda
_cJO-AjNU
041 _aara
050 1 4 _aKMM207.J67.2014
100 3 _aالاردن. وزارة الشؤون السياسية والبرلمانية,
_eauthor
_947360
245 0 0 _aالدستور الأردني مع جميع التعديلات التي طرأت عليه
250 _a(د،ط)
264 3 1 _aعمان : منشورات وزارة الشؤون السياسية والبرلمانية ، 2014
300 _a144ص
336 _atext
_btxt
_2rdacontent
337 _aunmediated
_bn
_2rdamedia
338 _avolume
_bnc
_2rdacarrier
650 4 _aالقانون الدستوري -- دستور -- الاردن -- دستور
_947361
999 _aA20668
_c24236
_d24236